Los escritos de Sarmiento y el siglo de Feijóo / (Record no. 94305)

MARC details
000 -LEADER
campo de control de longitud fija 00590nam a2200193 i 4500
001 - NÚMERO DE CONTROL
campo de control 94305
003 - IDENTIFICADOR DE NÚMERO DE CONTROL
campo de control ES-MaACL
005 - FECHA Y HORA DE LA ÚLTIMA TRANSACCIÓN
campo de control 20230906181440.0
007 - CAMPO FIJO DE DESCRIPCIÓN FÍSICA--INFORMACIÓN GENERAL
campo de control de longitud fija t|
008 - DATOS DE LONGITUD FIJA--INFORMACIÓN GENERAL
campo de control de longitud fija 050427s1901 sp ||||1| spa d
100 1# - ENTRADA PRINCIPAL--NOMBRE DE PERSONA
Nombre de persona López Peláez, Antolín.
9 (RLIN) 129216
245 14 - MENCIÓN DEL TÍTULO
Título Los escritos de Sarmiento y el siglo de Feijóo /
Mención de responsabilidad, etc. por Antolín López Pelèz.
260 ## - PUBLICACIÓN, DISTRIBUCIÓN, ETC.
Lugar de publicación, distribución, etc. La Coruña :
Nombre del editor, distribuidor, etc. [s.n.],
Fecha de publicación, distribución, etc. 1901 (
Fabricante Tip. de la Casa de Misericordia)
300 ## - DESCRIPCIÓN FÍSICA
Extensión 341 p. ;
Dimensiones 19 cm.
490 1# - MENCIÓN DE SERIE
Mención de serie Biblioteca gallega
830 0# - PUNTO DE ACCESO ADICIONAL DE SERIE-TÍTULO UNIFORME
Título uniforme Biblioteca gallega
9 (RLIN) 180864
852 ## - LOCALIZACIÓN
Ubicación ES-MaACL
Número de control de estantería G-8520
Holdings
Estatus retirado Estado de pérdida Estado de daño No para préstamo Biblioteca de origen Biblioteca actual Ubicación en estantería Fecha de adquisición Fuente de adquisición Total de préstamos Signatura topográfica completa Código de barras Visto por última vez Precio de reemplazo Tipo de ítem Koha
        Biblioteca del Ateneo de Madrid Biblioteca del Ateneo de Madrid Sala Pecera Planta 3 17/01/2008     G-8520 1098496 23/02/2023 23/02/2023 Libro impreso antiguo